Estadísticas para Logos de Equipos de la NBA

Haz click aquí para tomar la prueba!

Estadísticas generales

  • Esta prueba ha sido tomada 4.757 veces
  • La puntuación promedio es 21 de 30

Estadísticas de respuestas

Equipo% Correcto
Bulls
99%
Lakers
97%
Celtics
94%
Warriors
92%
Spurs
89%
Heat
86%
Rockets
83%
Bucks
80%
Grizzlies
80%
Jazz
78%
Pacers
78%
Raptors
74%
Kings
72%
Magic
71%
Trail Blazers
63%
Hawks
62%
Knicks
62%
Timberwolves
62%
Hornets
60%
Suns
60%
Cavaliers
59%
Mavericks
58%
Nets
54%
76ers
52%
Nuggets
52%
Pelicans
52%
Pistons
51%
Thunder
49%
Wizards
47%
Clippers
42%

Distribución de puntuación

Porcentaje por número respondido

Porcentaje de gente con cada puntuación

Historial de tus puntuaciones

No has tomado esta prueba